000 00664nam a2200241Ia 4500
005 20260121112738.0
008 8455 260114s9999 xx 000 0 eng d
020 _a9789812561763
037 _aEBOOK
040 _aCRL
_beng
_cCRL
041 _aeng
_2eng
084 _qCRL
100 _aHorch Kenneth W & Dhillon Gurpreet S
_9962533
245 0 _aNeuroprosthetics - Theory and Practice
260 _bWorld Scientific
260 _bWSPC
260 _c2004
650 _aEngineering / Acoustics
_9962534
856 _uhttps://www.worldscientific.com/worldscibooks/10.1142/4987#t=toc
942 _cEBOOK
999 _c1545755
_d1545755